00594nam a2200193Ia 4500008004100000020001800041082001500059100001400074245002000088250000700108260003700115300002300152500001900175600003300194650001600227942000700243952013300250999001700383240925s9999 xx 000 0 und d a9789380298498 a515.63 GUP aGupta, R. 0aVector Calculus aNA aChennai:bFireWall Mediac,2012. a262p.b0fOriginal aIncludes Index aHumanities & Natural Science aMathematics cBK 001040708HUMaUITUbUITUd2019-01-20eAllied Book Companyg998.40l0o515.63 GUPpQ14151r2024-09-25 07:17:12w2024-09-25yBK c16650d16650